[Event "POL-chT 2nd League-3 2020"]
[Site "Poronin"]
[Date "2020.09.09"]
[Round "5.3"]
[White "Rychlik, Hanna"]
[Black "Chojnacki, Slawomir"]
[Result "1-0"]
[WhiteElo "2053"]
[BlackElo "2206"]
[Annotator "TA"]
[PlyCount "107"]
[EventDate "2020.09.05"]
[EventType "team-tourn"]
[EventCountry "POL"]
[SourceTitle "playchess.com"]
[Source "ChessBase"]
[SourceQuality "1"]

{[%evp 18,107,-3,-22,16,22,27,42,170,163,270,247,258,233,228,207,203,202,224,221,206,220,233,245,246,239,232,182,203,205,200,189,205,194,181,191,403,411,389,379,408,391,416,437,436,395,697,422,387,377,363,0,0,0,355,355,347,322,340,323,450,456,446,438,422,412,332,242,488,507,480,416,12838,12839,12845,12843,12845,12845,12845,12846,12846,12847,12847,12847,12849,12846,12847,12845,12845,12846,12849,12850]} 1. d4 d5 2. c4 e6 3. g3 Nf6 4. Bg2 Be7 5. Nf3 O-O 6. O-O b6 7. Ne5 Bb7 8. b3 Nbd7 9. Nd2 c5 10. Bb2 Qc7 {E17: Queen's Indian: 4 g3 Bb7 5 Bg2 Be7.} 11. cxd5 Nxe5 {[#]} 12. d6 $146 {[%mdl 512] [#]} ({Predecessor:} 12. dxe5 Nxd5 13. a3 b5 14. Qc2 Nb6 15. Ne4 Nd7 16. f4 f6 17. exf6 Nxf6 18. Nxf6+ gxf6 {1-0 (52) Haenisch,C (1893)-Ehrich,D (1679) Naumburg (Saale) 2014}) 12... Bxd6 (12... Nf3+ $1 $14 {[%mdl 512]} 13. Bxf3 (13. Nxf3 Bxd6) 13... Bxd6) (12... Qxd6 13. dxe5) 13. Bxb7 $18 Neg4 (13... Nd3 $142 14. Bxa8 Nxb2) 14. Bxa8 Rxa8 15. e4 cxd4 16. Bxd4 Rd8 17. Rc1 Qb8 18. Bxf6 Nxf6 19. Qe2 h5 20. Nc4 Bc5 21. e5 Nd5 22. a3 h4 23. b4 Be7 24. Rfd1 g6 25. Qe4 Kg7 26. Ne3 a5 $2 (26... Nxe3 {keeps fighting.} 27. Qxe3 h3) 27. Nxd5 exd5 28. Rxd5 axb4 29. Rxd8 Qxd8 30. axb4 {[%mdl 4096] Endgame KQR-KQB} h3 31. Qg4 Bxb4 $2 (31... Qd2 32. Rd1 Qxb4 33. Qxb4 Bxb4) 32. Qxh3 Qd2 33. Rc8 {[%csl Gc8][%cal Rh3h8]} Qe1+ {[#]} 34. Kg2 $2 (34. Qf1 $1 $18) 34... Qe4+ $11 35. Kg1 $2 {[%mdl 8192]} (35. Kf1 $11 Qh1+ 36. Ke2 Qe4+ {[%mdl 64] Double Attack} 37. Kf1 Qh1+ 38. Ke2 Qe4+ {[%mdl 64] Double Attack} 39. Kf1) 35... Qe1+ $18 {[#] Black is now going downhill.} 36. Qf1 $1 ({Don't play} 36. Kg2 Qe4+ 37. Kg1 Qe1+ $18) 36... Qxe5 37. Qd1 {Qd8 is the strong threat.} Bc5 {If Black can now play ...Bxf2+ this consolidates a bit.} 38. Qf3 b5 39. Rd8 b4 40. Rd5 Qe1+ 41. Kg2 Be7 42. Rb5 Bf6 $2 (42... Qe6 43. h4 Qc4) 43. Rb7 Be7 44. Qd5 f5 (44... Qe2 $142 45. h4 b3 46. Qxb3 Qe4+ 47. Qf3 Qe6) 45. h4 {White is clearly winning.} Qe2 {[#]} 46. h5 $1 Kh6 (46... Qxh5 47. Qe5+) 47. hxg6 f4 48. g7 {[%mdl 64] Deflection, Decoy} Kxg7 49. Qg5+ Kf7 50. Qxf4+ Ke8 51. g4 {White threatens Qf5 and mate.} Qe6 52. Rb8+ Kd7 53. Qd4+ Qd6 54. Rxb4 {Accuracy: White = 88%, Black = 55%.} 1-0

[Event "POL-chT 2nd League-3 2020"]
[Site "Poronin"]
[Date "2020.09.09"]
[Round "5.4"]
[White "Malecki, Rafal"]
[Black "Szmyd, Marek"]
[Result "1/2-1/2"]
[WhiteElo "2025"]
[BlackElo "1874"]
[Annotator "TA"]
[PlyCount "107"]
[EventDate "2020.09.05"]
[EventType "team-tourn"]
[EventCountry "POL"]
[SourceTitle "playchess.com"]
[Source "ChessBase"]
[SourceQuality "1"]

{[%evp 12,107,20,22,24,21,47,41,52,35,42,0,0,-14,12,2,27,14,33,0,0,-18,-4,-16,0,0,0,25,0,-48,12,-1,-5,-30,-27,-56,-24,-21,-13,-25,-23,-27,-17,-17,-6,-62,-60,-66,-73,-79,-76,-67,0,-8,-8,-8,0,0,7,0,0,0,0,0,0,0,0,0,0,0,0,0,0,0,0,0,0,0,0,0,0,0,0,0,0,0,0,0,0,0,0,0,0,0,0,0,0,0]} 1. e4 c5 2. Nf3 Nc6 3. d3 d6 4. g3 g6 5. Bg2 Bg7 6. O-O Bg4 7. h3 Bxf3 {A04: Unusual lines after 1 Nf3 and King's Indian Attack.} 8. Bxf3 e5 9. c3 Nge7 {White is slightly better.} 10. Bg2 O-O 11. f4 {[#]} exf4 $146 ({Predecessor:} 11... Qd7 12. c4 Rab8 13. Nc3 Nd4 14. Be3 b5 15. Qd2 exf4 16. gxf4 b4 17. Ne2 Nec6 {0-1 (36) Vanheste,J (2325)-Van de Plassche,B Eindhoven 1987}) 12. Bxf4 Qd7 13. Nd2 {[%cal Bb1d2,Bd2f3,Bf3g5][%mdl 32]} b5 14. Nf3 d5 15. e5 d4 16. Qd2 Rad8 17. c4 $1 bxc4 18. dxc4 Qe6 19. Ng5 Qxc4 20. Rfc1 Qb4 ({Black should try} 20... Qb5 $15 21. e6 f5) 21. Qxb4 Nxb4 22. Rxc5 h6 23. Ne4 g5 $36 {[%mdl 2048] White is under pressure.} 24. Bd2 Nd3 25. Rc7 Nd5 26. Rxa7 Bxe5 27. Ra5 {[#] Strongly threatening Nf2.} Ne3 {White should prevent ...Bg7.} 28. b3 (28. Bf1 $11 Nxf1 29. Rxf1) 28... Rc8 $15 {Threatens to win with ...Rc2.} 29. Bf3 f5 $1 {[%cal Rf5e4]} 30. Nf2 Nxf2 31. Kxf2 Rfe8 (31... Rc2 $15 32. Ke2 Bxg3) 32. Rc1 {The position is equal.} Rxc1 33. Bxc1 g4 34. Bc6 Rc8 35. Rxe5 {[#] Hoping for Rc5.} Rxc6 36. Bxe3 $11 {[%mdl 4096] Endgame KRB-KR} Rc2+ 37. Kg1 dxe3 38. hxg4 fxg4 39. Rxe3 Rxa2 {KR-KR} 40. Re4 h5 41. Re7 Rb2 42. Rb7 Kf8 43. b4 Ke8 44. b5 Kd8 45. b6 Kc8 46. Rc7+ Kb8 47. Rc5 Rb1+ 48. Kf2 Rb2+ 49. Kg1 Rb1+ 50. Kf2 Rb2+ 51. Ke3 Rb3+ 52. Kf4 Rf3+ 53. Kg5 Rxg3 54. Kxh5 {Accuracy: White = 87%, Black = 85%.} 1/2-1/2

[Event "POL-chT 2nd League-3 2020"]
[Site "Poronin"]
[Date "2020.09.09"]
[Round "5.5"]
[White "Borowski, Przemyslaw"]
[Black "Bachorczyk, Marcin"]
[Result "0-1"]
[WhiteElo "1842"]
[BlackElo "2074"]
[Annotator "TA"]
[PlyCount "58"]
[EventDate "2020.09.05"]
[EventType "team-tourn"]
[EventCountry "POL"]
[SourceTitle "playchess.com"]
[Source "ChessBase"]
[SourceQuality "1"]

{[%evp 9,58,-35,-16,-70,-89,-80,-87,-67,-76,-77,-22,-110,-98,-161,-131,-143,-147,-144,-132,-126,-111,-107,-82,-168,-171,-172,-164,-320,-330,-329,-323,-331,-281,-343,-327,-331,-330,-655,-616,-808,-741,-998,-696,-995,-989,-1344,-1344,-1757,-1750,-1706,-1733]} 1. e4 e5 2. Nc3 Nf6 3. f4 d5 4. exd5 exf4 5. Nf3 Nxd5 6. Be2 {C36: King's Gambit Accepted: 3 Nf3 d5.} ({White should play} 6. Bc4 $11 Qe7+ 7. Qe2 Qxe2+ 8. Nxe2) 6... Nxc3 $15 7. bxc3 Bd6 8. d4 {Black is better.} O-O 9. O-O Nc6 (9... Nd7 $17) 10. c4 (10. Nd2 $11) 10... b6 $17 {[#] Black converts the advantage convincingly.} 11. d5 $146 (11. c3 $17) ({Predecessor:} 11. c3 Bg4 12. Ne1 Bxe2 13. Qxe2 Qh4 14. Nf3 Qh5 15. Rb1 Rae8 16. Qf2 a6 17. Rd1 {0-1 (37) Spielmann,R-Nyholm,G Opatija 1912}) 11... Ne7 12. Nd4 Ng6 13. a4 Re8 14. a5 Bc5 {White must now prevent ...Rxe2!} 15. c3 Bd7 16. Bf3 (16. Bd3 $17) 16... Qf6 $19 17. axb6 axb6 18. Bb2 $2 (18. Rxa8 {is the only way for White.} Rxa8 19. Qd2) 18... Rxa1 19. Qxa1 Ne5 {[%cal Bg6e5,Be5c4,Bc4d6,Bd6e4,Be4g3][%mdl 32]} 20. Be2 g5 21. Kh1 Bg4 22. Qd1 h5 23. Re1 $2 {[#]} (23. Bc1) 23... Nxc4 $1 {[%mdl 512] Black is clearly winning.} 24. Qa4 (24. Bxc4 Bxd1) 24... Nd6 25. Nf3 b5 26. Qa1 Ne4 27. Rf1 h4 {( -> ...Ng3+!)} 28. h3 Ng3+ {[%mdl 64] [#] Double Attack, Discovered Attack} 29. Kh2 Rxe2 {Accuracy: White = 27%, Black = 81%.} 0-1

[Event "POL-chT 2nd League-3 2020"]
[Site "Poronin"]
[Date "2020.09.09"]
[Round "5.6"]
[White "Chmiel, Dominika"]
[Black "Czaplewska, Klara"]
[Result "1/2-1/2"]
[WhiteElo "2023"]
[BlackElo "1875"]
[Annotator "TA"]
[PlyCount "122"]
[EventDate "2020.09.05"]
[EventType "team-tourn"]
[EventCountry "POL"]
[SourceTitle "playchess.com"]
[Source "ChessBase"]
[SourceQuality "1"]

{[%evp 9,122,0,29,-73,-72,-67,-71,-74,-53,-61,-89,-114,-77,-65,-70,-72,-62,-63,-65,-164,40,33,74,43,215,141,139,79,124,131,135,136,159,154,160,172,168,157,133,108,110,56,144,126,141,82,77,85,129,89,173,67,81,58,61,0,45,56,114,72,229,92,98,98,92,94,91,72,70,36,70,50,55,0,22,23,691,685,625,0,0,0,0,0,0,0,0,0,0,0,0,0,0,0,0,0,0,0,0,0,0,0,0,0,0,0,0,0,0,0,0,0,0,0,-4]} 1. e4 e5 2. Nf3 Nc6 3. Bb5 Nf6 4. O-O Nxe4 5. Qe2 Nd6 6. Nxe5 {C67: Ruy Lopez: Berlin Defence: 4 0-0 Nxe4.} (6. Bxc6 $1 $11 dxc6 7. Qxe5+ Qe7 8. Qf4) 6... Nd4 $17 {[#]} 7. Qd3 $146 ({Predecessor:} 7. Qg4 N6xb5 8. Re1 Ne6 9. d4 d5 10. Qf3 Qf6 11. Qxd5 Nbxd4 12. Nc3 c6 13. Qc4 Be7 {1-0 (50) Jirasek,P (2323)-Simacek,P (2468) Pardubice 2013}) 7... N6xb5 8. c3 {Black is better.} Nxc3 9. dxc3 Ne6 $1 10. f4 Bc5+ 11. Kh1 f6 12. Nf3 {Threatening f5.} Be7 13. Be3 d5 14. c4 {[#]} (14. f5 $15 Ng5 15. Nxg5 fxg5 16. c4) 14... dxc4 $2 (14... d4 $1 $19 {[%cal Rd4e3][%mdl 512]} 15. Bd2 (15. Bxd4 c5) 15... O-O) 15. Qxc4 $14 {Threatens to win with f5.} Qd6 16. Nc3 $36 {[%mdl 3072] White has strong compensation. White is pushing.} Bd7 $2 ({Better is} 16... Qb4 $14 17. Qe2 c6) 17. Nd5 Qc6 18. Qb3 ({White should play} 18. Qe4 {aiming for Nd4.} Qd6 19. Nxe7 Qxe7 20. Qxb7) 18... Qb5 19. f5 Qxb3 20. axb3 Nc5 21. Nxe7 Nxb3 22. Ra3 {Black must now prevent Nd5.} Kxe7 23. Rxb3 b6 24. Nd4 c5 25. Nb5 (25. Ne2 $16) 25... Bxb5 (25... c4 $1 $14 26. Rb4 a5 27. Rxc4 Bxb5 28. Rc7+ Kd6) 26. Rxb5 $16 Kd7 27. Rd1+ (27. Rb3 $142) 27... Kc6 28. Rb3 Rhe8 29. Kg1 Re5 (29... Rad8 $16 30. Rxd8 Rxd8) 30. Rf1 (30. Bf4 $18 Rd5 31. Rxd5 Kxd5 32. Rg3) 30... b5 31. Bc1 a5 32. Rd3 (32. Rg3 $14) 32... c4 33. Rd4 Ra7 (33... Rae8 $14) 34. Bf4 Rxf5 $2 {[#]} (34... Rd5 $16 35. Re4 Rad7) 35. Rd6+ (35. Rfd1 $1 $18 {and the rest is easy.} Rf7 36. g3) 35... Kc5 {Strongly threatening ...Rxf4!} 36. Rd8 Kc6 37. Rc8+ Kd7 38. Rg8 (38. Rb8 {keeps more tension.} b4 39. Rd1+ Ke6 40. Rb6+ Kf7 41. Bd6) 38... Kc6 39. g4 Rd5 40. Re1 b4 41. h3 (41. Kf2 $14) 41... h5 42. Rb8 {Re6+ is the strong threat.} hxg4 $2 {[%mdl 8192] [#]} (42... Rd3 $11) 43. Re6+ $1 $18 Kd7 44. Reb6 $2 (44. Rbe8 $18) 44... Ke7 {The position is equal.} ({Wrong is} 44... gxh3 $2 45. Rg8 $18) 45. hxg4 Rd4 46. Be3 Rxg4+ 47. Kf2 Rc7 48. R8b7 Rxb7 49. Rxb7+ $11 {[%mdl 4096] Endgame KRB-KR} Kd6 50. Rb5 c3 51. bxc3 bxc3 52. Rxa5 Rc4 53. Ke2 c2 54. Bc1 g5 55. Kd3 Rc6 56. Ke4 Ke6 57. Rb5 Rc4+ 58. Kd3 Rc6 59. Ke4 g4 60. Kf4 Rc4+ 61. Kg3 f5 {Accuracy: White = 61%, Black = 65%.} 1/2-1/2

[Event "POL-chT 2nd League-3 2020"]
[Site "Poronin"]
[Date "2020.09.09"]
[Round "5.7"]
[White "Dowgird, Filip"]
[Black "Brozyna, Mateusz"]
[Result "1-0"]
[WhiteElo "2327"]
[BlackElo "2300"]
[Annotator "TA"]
[PlyCount "55"]
[EventDate "2020.09.05"]
[EventType "team-tourn"]
[EventCountry "POL"]
[SourceTitle "playchess.com"]
[Source "ChessBase"]
[SourceQuality "1"]

{[%evp 10,55,31,23,23,8,38,27,56,61,87,86,115,106,169,148,193,163,163,164,268,294,287,245,250,235,376,373,319,279,230,169,185,180,288,276,274,277,268,274,265,272,329,314,291,226,439,429]} 1. d4 Nf6 2. Bg5 e6 3. e4 h6 4. Bxf6 Qxf6 5. c3 d6 6. Bd3 Nd7 {A45: Trompowsky Attack.} 7. Ne2 e5 8. O-O g5 {White has an edge.} 9. Na3 {[%cal Bb1a3,Ba3c2,Bc2e3,Be3d5][%mdl 32]} Bg7 10. Ng3 {[#]} a6 $146 ({Predecessor:} 10... exd4 11. Nb5 Qd8 12. Nf5 Bf6 13. cxd4 a6 14. Nc3 Nb6 15. Ng3 O-O 16. Bc2 c5 {1-0 (23) Djordjevic,V (2347)-Grunberg,M (2401) chess.com INT 2020}) 11. Nc2 Qg6 (11... Nf8 $16) 12. Nf5 Nf8 13. Nce3 Ne6 14. Nd5 Bf6 (14... Kd8 $142 15. Rc1 h5) 15. Be2 $18 {[#] Threatens to win with Bh5.} Bd8 16. Bh5 Qg8 17. g3 ({Don't take} 17. dxe5 $6 dxe5 18. Re1 Qf8) 17... Ng7 (17... exd4 {was called for.} 18. cxd4 Ng7) 18. dxe5 dxe5 19. Nfe7 Qf8 20. Nxc8 Rxc8 21. Qg4 Rb8 (21... Ra8 $142 22. Rad1 Qg8) 22. Rad1 {Threatening mate with Nxc7+!} Qd6 {[#]} 23. Nb6 $1 Qe6 24. Qxe6+ Nxe6 25. Nd7 {[%mdl 64] Double Attack} Rc8 26. Nxe5 O-O 27. Bg4 Bf6 $2 (27... Re8 28. Rd7 Nc5) 28. Nd7 {[%mdl 64] Double Attack. Black got outplayed after the opening. Accuracy: White = 90%, Black = 34%.} 1-0

[Event "POL-chT 2nd League-3 2020"]
[Site "Poronin"]
[Date "2020.09.09"]
[Round "5.9"]
[White "Mondrzycki, Bartlomiej"]
[Black "Lach, Piotr"]
[Result "1/2-1/2"]
[WhiteElo "2167"]
[BlackElo "2079"]
[Annotator "TA"]
[PlyCount "37"]
[EventDate "2020.09.05"]
[EventType "team-tourn"]
[EventCountry "POL"]
[SourceTitle "playchess.com"]
[Source "ChessBase"]
[SourceQuality "1"]

{[%evp 17,37,7,35,0,0,0,5,0,28,26,21,16,31,21,38,0,6,12,6,1,6,0]} 1. Nf3 Nf6 2. c4 e6 3. g3 b6 4. Bg2 Bb7 5. O-O Be7 6. Nc3 O-O 7. d4 Ne4 8. Qc2 Nxc3 9. Qxc3 Be4 10. Ne5 {E19: Queen's Indian: Old Main Line with 7...Ne4 8 Qc2 Nxc3 8 Qxc3.} Bxg2 11. Kxg2 d6 12. Qf3 {[#] Black must now prevent Nxf7.} Nd7 13. Nc6 Qe8 {[#]} 14. b4 $146 ({Predecessor:} 14. h4 a5 15. Bg5 f6 16. Be3 f5 17. Bg5 Nf6 18. h5 h6 19. Bh4 Kh8 20. d5 exd5 21. cxd5 {1-0 (41) Grivas,E (2445)-Ilandzis,S (1990) Agios Ioannis 2018}) 14... Bf6 15. Bb2 e5 16. d5 Nb8 {The position is equal.} 17. Nxb8 {[#] Nc6 is the strong threat.} e4 18. Qb3 {Hoping for Nc6.} Bxb2 19. Qxb2 {An uneventful encounter.} 1/2-1/2

[Event "POL-chT 2nd League-3 2020"]
[Site "Poronin"]
[Date "2020.09.09"]
[Round "5.10"]
[White "Watorek, Marcin"]
[Black "Zareba, Radoslaw"]
[Result "1-0"]
[WhiteElo "2100"]
[BlackElo "2111"]
[Annotator "TA"]
[PlyCount "63"]
[EventDate "2020.09.05"]
[EventType "team-tourn"]
[EventCountry "POL"]
[SourceTitle "playchess.com"]
[Source "ChessBase"]
[SourceQuality "1"]

{[%evp 18,63,37,35,56,10,36,0,0,0,3,-9,-9,-140,-134,-131,-131,-142,-77,-77,-85,-143,-128,-150,-96,-181,-167,-158,-166,-171,-164,-203,-125,-139,-90,-110,-63,-83,-37,-25,2,12,885,880,871,847,927,910]} 1. d4 Nf6 2. c4 c5 3. d5 b5 4. Qc2 d6 5. e4 bxc4 6. Bxc4 g6 7. Nf3 Bg7 8. O-O O-O 9. h3 {9.Re1 gains popularity. Played by Quang Liem Le in August 2020.} Nbd7 10. Nc3 Qb6 {A57: Benko/Volga Gambit.} 11. Na4 Qc7 {[#]} 12. Bd2 $146 ({Predecessor:} 12. Bf4 Nh5 13. Bh2 Nb6 14. Nxb6 Qxb6 15. Rab1 Nf6 16. Qe2 Bb7 17. Rfd1 Rad8 18. Bf4 {1-0 (36) Khannanov,R (2133)-Glidzhain,G (2171) Sterlitamak 2008}) 12... Nb6 {The position is equal.} 13. Nxb6 axb6 {[%cal Ba7b6,Bb6b5][%mdl 32]} 14. Bc3 Ba6 15. Qe2 (15. Bxa6 $11 Rxa6 16. a4) 15... Bxc4 $17 16. Qxc4 {[#]} b5 $1 {[%cal Rb5c4][%mdl 512]} 17. Qe2 {[#]} (17. Qxb5 Nxe4) 17... Ra4 (17... b4 $142 $1 {[%cal Rb4c3]} 18. Bxf6 Bxf6) 18. Qxb5 Rxe4 19. Ng5 (19. Rfd1 $142) 19... Rf4 20. Rad1 Rf5 (20... Rb8 $142 21. Qe2 Qb7) 21. f4 (21. Bxf6 $17 {is a better defense.} Bxf6 22. Ne4) 21... Rxd5 $19 22. Rxd5 Nxd5 {[%mdl 64] Discovered Attack} 23. Bxg7 Kxg7 24. f5 h6 25. Qc4 Qc6 26. Ne4 Nb6 27. Qc3+ Kg8 28. Qe3 {aiming for f6.} Qd5 {And now ...Nc4 would win.} (28... Nc4 $5 {[%cal Rc4e3]} 29. Qf4 d5 $15) 29. f6 Qd4 $2 {[%mdl 8192]} (29... Nd7 $11) 30. Qxd4 $18 {White is clearly winning.} cxd4 31. fxe7 Ra8 32. Nf6+ {Accuracy: White = 58%, Black = 44%.} 1-0

[Event "POL-chT 2nd League-3 2020"]
[Site "Poronin"]
[Date "2020.09.09"]
[Round "5.11"]
[White "Stelmaszuk, Maciej"]
[Black "Chrzaszcz, Malvina"]
[Result "1-0"]
[WhiteElo "1976"]
[BlackElo "2047"]
[Annotator "TA"]
[PlyCount "101"]
[EventDate "2020.09.05"]
[EventType "team-tourn"]
[EventCountry "POL"]
[SourceTitle "playchess.com"]
[Source "ChessBase"]
[SourceQuality "1"]

{[%evp 15,101,20,31,21,22,23,29,24,22,19,31,29,34,0,95,86,92,88,93,95,93,87,119,111,118,117,163,175,181,177,175,179,199,205,252,193,277,277,416,423,501,439,580,566,660,660,708,658,641,564,562,559,526,521,578,595,604,602,573,583,460,425,390,368,498,440,6682,6610,6307,1281,5281,5397,29991,29992,29994,29995,29995,29991,29991,29992,29995,29983,29989,29980,29991,29984,29987,29981]} 1. Nf3 d5 2. c4 e6 3. d4 c6 4. e3 Nf6 5. b3 Bd6 6. Bd3 Nbd7 7. Bb2 O-O 8. O-O Ne4 9. Ne5 {D30: Queen's Gambit Declined: Systems without Nc3.} (9. Nc3 {with more complications.} f5 10. Ne2 Qe7 11. Rc1 b6 12. Ne5) 9... f6 10. Nxd7 Bxd7 11. f3 {White has an edge.} Ng5 12. f4 Ne4 13. Bxe4 dxe4 14. Ba3 {[#]} Be8 $146 (14... Bxa3 $11 15. Nxa3 Qa5) ({Predecessor:} 14... Bxa3 15. Nxa3 Qe7 16. Nc2 e5 17. fxe5 fxe5 18. Qd2 Rad8 19. Rxf8+ Rxf8 20. dxe5 Bg4 {1-0 (52) Hebden,M (2490)-Walton,A (2205) Leeds 2015}) 15. Bxd6 $16 Qxd6 16. Nd2 $36 {[%cal Bb1d2,Bd2c4,Bc4b6,Bb6a4,Ba4c5][%mdl 2080] White has strong initiative.} f5 17. c5 Qe7 18. Nc4 Qh4 19. Qe1 Qe7 20. b4 b5 21. cxb6 axb6 22. Nxb6 Rb8 {[#]} 23. Na4 $1 Rxb4 24. Nc5 Rb2 25. Rf2 Rxf2 (25... Rb8 $142 26. Rc2 Bf7) 26. Qxf2 $18 g5 (26... Bd7 $142 27. a4 Ra8) 27. a4 {[%cal Ba2a4,Ba4a5][%mdl 32]} Bg6 28. a5 e5 29. fxe5 f4 30. a6 f3 31. a7 Ra8 32. gxf3 Rxa7 33. Rxa7 Qxa7 34. fxe4 Qa1+ 35. Kg2 Qd1 {Black hopes to continue with ...Qg4+.} 36. Qf3 Qd2+ 37. Kg3 h5 38. Qf2 Qd1 {[%csl Gh5][%cal Rd1g4]} 39. h3 Qh1 40. Nd7 {Intending Qf8+ and mate.} h4+ (40... Bf7 $142 41. Nc5 Bc4) 41. Kg4 {White wants to mate with Qf8+.} Bf7 42. Nf6+ (42. Kxg5 $142 Qxh3 43. Nf6+ Kf8 44. Ng4) 42... Kg7 43. Kxg5 {White threatens Ng4 and mate.} Qxh3 44. Ng4 {White mates.} Qg3 45. Qf6+ {[%mdl 64] [#] Double Attack} Kg8 46. e6 Bxe6 47. Qxe6+ {[%mdl 64] Double Attack} Kg7 48. Qe5+ Kf8 49. Qh8+ Kf7 50. Qxh4 Qd6 51. Qh7+ {Black got outplayed after the opening. Accuracy: White = 87%, Black = 36%.} 1-0

[Event "POL-chT 2nd League-3 2020"]
[Site "Poronin"]
[Date "2020.09.09"]
[Round "5.12"]
[White "Gluszko, Monika"]
[Black "Jablonska, Sabina"]
[Result "1/2-1/2"]
[WhiteElo "1939"]
[BlackElo "1960"]
[Annotator "TA"]
[PlyCount "43"]
[EventDate "2020.09.05"]
[EventType "team-tourn"]
[EventCountry "POL"]
[SourceTitle "playchess.com"]
[Source "ChessBase"]
[SourceQuality "1"]

{[%evp 16,43,3,-15,-8,-22,-7,-14,-14,-20,-25,-17,0,-27,0,2,41,42,42,42,514,0,0,0,0,0,0,0,0,0]} 1. e4 c6 2. c4 d5 3. exd5 cxd5 4. cxd5 Nf6 5. Bb5+ Nbd7 6. Nc3 g6 7. Nf3 Bg7 8. O-O O-O 9. Bxd7 Qxd7 {B10: Caro-Kann: 2 d3 and 2 c4.} 10. Re1 Nxd5 11. Nxd5 Qxd5 12. Rxe7 {[#]} Be6 $146 ({Predecessor:} 12... Bg4 13. d3 b6 14. Qe2 Qd6 15. Re4 Bxf3 16. Qxf3 Qd5 17. Qe2 Rad8 18. Bf4 Qxd3 19. Qxd3 Rxd3 20. Re2 Rfd8 {½-½ (21) Sosnowska,E (1980)-Erenska Barlo,H (2155) Gdynia 1982}) 13. d4 Rfd8 14. Be3 Bd7 15. Ne5 Bc6 16. Nxc6 bxc6 17. Qa4 Bxd4 $2 {[%mdl 8192] [#]} (17... a5 $14) 18. Rd1 $2 (18. Bxd4 $18 Qb5 19. Qxb5 cxb5 20. Bxa7) 18... Qc5 $11 {The position is equal.} 19. Re4 Bxe3 20. Rxe3 Qb5 21. Qxb5 cxb5 22. Rxd8+ {Accuracy: White = 73%, Black = 49%.} 1/2-1/2

[Event "POL-chT 2nd League-3 2020"]
[Site "Poronin"]
[Date "2020.09.09"]
[Round "5.13"]
[White "Gumula, Daniel"]
[Black "Luba, Lukasz"]
[Result "1-0"]
[WhiteElo "2177"]
[BlackElo "2212"]
[Annotator "TA"]
[PlyCount "113"]
[EventDate "2020.09.05"]
[EventType "team-tourn"]
[EventCountry "POL"]
[SourceTitle "playchess.com"]
[Source "ChessBase"]
[SourceQuality "1"]

{[%evp 9,113,69,77,74,134,130,143,93,143,121,127,122,133,117,120,106,122,120,137,93,95,89,120,118,145,80,175,157,181,151,181,181,175,175,184,179,172,185,231,210,245,260,307,304,315,287,311,306,290,271,220,112,112,96,406,389,455,458,552,479,475,474,543,479,562,455,814,819,924,864,818,807,847,813,734,694,1420,1293,1317,1285,5097,5006,5352,5318,2014,1866,29978,29979,29979,29980,29982,29983,5932,3362,29987,29988,29988,29989,29989,29990,29990,29991,29993,29994,29994,29995]} 1. c4 e5 2. Nc3 g6 3. d4 Nc6 4. d5 Nb8 {[#]} 5. h4 $146 ({Predecessor:} 5. e4 d6 6. Be2 Bg7 7. h4 h6 8. Be3 a5 9. Qb3 b6 10. Qd1 Ne7 11. Qa4+ Nd7 {0-1 (59) Ribeiro,L (1706)-Deus Filho,J (1926) Registro 2019}) 5... d6 6. h5 {A21: English Opening: 1...e5 2 Nc3.} g5 {[#]} (6... Nf6 $142) 7. e4 $1 $16 h6 8. Nge2 {White is clearly better.} Nf6 9. Ng3 a5 10. Be2 Bd7 11. Qc2 Na6 12. Nd1 c6 13. Ne3 Qc8 14. Qd1 Nc5 15. f3 cxd5 16. cxd5 Qc7 17. a4 (17. O-O $142) 17... Be7 (17... g4 $16) 18. Ra3 Rc8 19. Bd2 Kf8 20. Bb5 Bxb5 21. axb5 b6 22. Qe2 Kg8 23. Ngf5 Bf8 24. Ng4 Nxg4 25. fxg4 f6 26. O-O Rh7 27. b4 axb4 28. Bxb4 Qd8 29. Rc1 Rhc7 30. Rac3 (30. Rca1 $18) 30... Nb3 31. R1c2 {Threatens to win with Rc6.} Nd4 $2 {[%mdl 8192] Now Black is done in.} (31... Rxc3 $16 32. Bxc3 (32. Rxc3 Rxc3 33. Bxc3 Qc8 $11) 32... Qc7) 32. Nxd4 $18 exd4 33. Rc6 Qe7 34. Qf3 Rxc6 35. bxc6 ({Weaker is} 35. Rxc6 Re8 $16) (35. dxc6 Qe5 $18) 35... Qe5 36. Qf5 d3 37. Rf2 Ra8 (37... Qxf5 $142 38. exf5 Kf7) 38. Qxe5 fxe5 {[%mdl 4096] Endgame KRB-KRB} 39. Rb2 Be7 40. Kf2 Kf7 41. Ke3 Ke8 42. Kxd3 Kd8 43. Rf2 Ke8 44. Kc4 b5+ 45. Kxb5 Rb8+ 46. Kc4 Ra8 47. Rf3 Rb8 48. Ra3 Rc8 49. Ra7 Rd8 50. Kb5 Rb8+ 51. Rb7 Ra8 52. c7 {White mates.} Rc8 53. Kc6 Bd8 54. Bxd6 Kf7 {[#]} 55. Kd7 $1 Kf6 56. Kxc8 {[%cal Rc7d8]} Bxc7 57. Bxc7 {Accuracy: White = 86%, Black = 48%.} 1-0